[Event "Paracin Winter op"]
[Site "Paracin"]
[Date "2019.02.06"]
[Round "9"]
[White "Ilic, Vladan"]
[Black "Djordjevic, Gradimir"]
[Result "0-1"]
[WhiteElo "2106"]
[BlackElo "1979"]
[PlyCount "108"]
[EventDate "2019.01.31"]
[EventType "swiss"]
[EventRounds "9"]
[EventCountry "SRB"]
[SourceTitle "CBM 188 Extra"]
[Source "ChessBase"]
[SourceDate "2019.02.26"]
[SourceVersion "1"]
[SourceVersionDate "2019.02.26"]
[SourceQuality "1"]

1. e4 d6 2. d4 Nf6 3. Bd3 e5 4. c3 c6 5. Nf3 Be7 6. dxe5 dxe5 7. Nxe5 Bd6 8. Nf3 Qc7 9. 0-0 0-0 10. h3 Nbd7 11. Be3 Re8 12. Nbd2 Bc5 13. Bd4 h6 14. Re1 Bd6 15. Nc4 Bf8 16. Nfd2 b5 17. Ne3 a6 18. c4 Bc5 19. Nc2 Bxd4 20. Nxd4 c5 21. N4f3 Ne5 22. Nxe5 Qxe5 23. cxb5 Qxb2 24. Nc4 Qd4 25. e5 Nd5 26. Qf3 axb5 27. Nd6 Re7 28. Rad1 Be6 29. Bh7+ Kxh7 30. Rxd4 cxd4 31. Nxb5 Rxa2 32. Nxd4 Kg8 33. Rb1 Ra8 34. Rb5 Rd7 35. Rc5 Re8 36. Kh2 Nf4 37. Nc6 Nd3 38. Ra5 Rc8 39. Ne7+ Rxe7 40. Qxd3 Rec7 41. Qe4 Rc4 42. Qf3 Rc3 43. Qh5 Kh7 44. f3 R8c4 45. f4 Rxf4 46. Qe2 Rfc4 47. Ra2 Bf5 48. Rd2 Re4 49. Qb5 Rce3 50. Rd5 Re2 51. Qe8 Be6 52. Rb5 R4e3 53. Kg1 Rg3 54. Qa8 Bxh3 0-1

[Event "Paracin Winter op"]
[Site "Paracin"]
[Date "2019.02.03"]
[Round "6"]
[White "Djordjevic, Gradimir"]
[Black "Vujcic, Milena"]
[Result "1/2-1/2"]
[WhiteElo "1979"]
[BlackElo "1913"]
[PlyCount "74"]
[EventDate "2019.01.31"]
[EventType "swiss"]
[EventRounds "9"]
[EventCountry "SRB"]
[SourceTitle "CBM 188 Extra"]
[Source "ChessBase"]
[SourceDate "2019.02.26"]
[SourceVersion "1"]
[SourceVersionDate "2019.02.26"]
[SourceQuality "1"]

1. c4 c5 2. Nc3 Nc6 3. g3 g6 4. Bg2 Bg7 5. e3 e6 6. Nge2 Nge7 7. d4 cxd4 8. exd4 d5 9. cxd5 Nxd5 10. Nxd5 exd5 11. Be3 0-0 12. 0-0 Be6 13. Qd2 Qd7 14. Nf4 Rac8 15. Rfe1 b6 16. b4 Nd8 17. a4 Nc6 18. a5 bxa5 19. bxa5 Qd6 20. Rec1 Ne7 21. Nxe6 Qxe6 22. Rab1 Nf5 23. Bh3 Rxc1+ 24. Rxc1 Rc8 25. Rxc8+ Qxc8 26. Qd3 Qc7 27. Bxf5 gxf5 28. Qxf5 Qxa5 29. Qc8+ Bf8 30. Bh6 Qe1+ 31. Kg2 Qe4+ 32. f3 Qe2+ 33. Kg1 Qe1+ 34. Kg2 Qe2+ 35. Kg1 Qe1+ 36. Kg2 Qe2+ 37. Kg1 Qe1+ 1/2-1/2

[Event "Paracin Winter op"]
[Site "Paracin"]
[Date "2019.02.03"]
[Round "5"]
[White "Milutinovic, Bojan"]
[Black "Djordjevic, Gradimir"]
[Result "0-1"]
[WhiteElo "1853"]
[BlackElo "1979"]
[PlyCount "60"]
[EventDate "2019.01.31"]
[EventType "swiss"]
[EventRounds "9"]
[EventCountry "SRB"]
[SourceTitle "CBM 188 Extra"]
[Source "ChessBase"]
[SourceDate "2019.02.26"]
[SourceVersion "1"]
[SourceVersionDate "2019.02.26"]
[SourceQuality "1"]

1. e4 d6 2. d4 Nf6 3. Nc3 Nbd7 4. Nf3 e5 5. Bc4 h6 6. 0-0 Be7 7. Re1 c6 8. a4 0-0 9. Bb3 a5 10. h3 Re8 11. Be3 Qc7 12. Qd2 Nf8 13. g4 N6h7 14. Rad1 Be6 15. d5 Bd7 16. dxc6 bxc6 17. Bxh6 gxh6 18. Qxh6 Be6 19. Bxe6 Nxe6 20. h4 Nf4 21. Ng5 Nxg5 22. hxg5 Bf8 23. Qf6 Re6 24. Qf5 Rg6 25. Ne2 Nxe2+ 26. Rxe2 Qe7 27. f4 exf4 28. Qxf4 Qxg5 29. Qxg5 Rxg5 30. Rg2 Re8 0-1

[Event "SRB-chT2 West"]
[Site "Arandjelovac"]
[Date "2018.09.07"]
[Round "1.6"]
[White "Djordjevic, Gradimir"]
[Black "Brajovic, Miroljub"]
[Result "0-1"]
[WhiteElo "2003"]
[BlackElo "2111"]
[PlyCount "78"]
[EventDate "2018.09.07"]
[EventType "team-tourn"]
[EventRounds "11"]
[EventCountry "SRB"]
[SourceTitle "EXT 2021"]
[Source "ChessBase"]
[SourceDate "2020.10.23"]
[SourceVersion "1"]
[SourceVersionDate "2020.10.23"]
[SourceQuality "1"]
[WhiteTeam "Krusevac"]
[BlackTeam "Prijepolje Priko"]
[WhiteTeamCountry "SRB"]
[BlackTeamCountry "SRB"]

1. d4 Nf6 2. Nf3 d6 3. g3 Nbd7 4. Bg2 c6 5. 0-0 g6 6. c4 Qc7 7. Nc3 Bg7 8. e4 e5 9. dxe5 dxe5 10. h3 0-0 11. Be3 h6 12. Qd2 Kh7 13. Rfd1 Re8 14. Ne1 Bf8 15. Na4 Nh5 16. Nd3 f5 17. exf5 gxf5 18. g4 Nhf6 19. gxf5 Nb6 20. Nxb6 axb6 21. f4 e4 22. Ne5 Bxf5 23. Qc3 Bg7 24. Qc2 c5 25. Rd2 Rg8 26. Kh2 Kh8 27. a3 Nh5 28. Rd5 Nf6 29. Rd2 Rae8 30. Rf1 Nh5 31. Qd1 Nxf4 32. Bxf4 Bxe5 33. Bxe5+ Qxe5+ 34. Kh1 e3 35. Re2 Be4 36. Rg1 Rg3 37. Bxe4 Rxh3+ 38. Kg2 Qg3+ 39. Kf1 Rf8+ 0-1

[Event "Paracin Summer op-B 11th"]
[Site "Paracin"]
[Date "2018.07.11"]
[Round "7"]
[White "Djordjevic, Gradimir"]
[Black "Scott, Luke"]
[Result "0-1"]
[WhiteElo "2047"]
[BlackElo "1887"]
[PlyCount "87"]
[EventDate "2018.07.06"]
[EventType "swiss"]
[EventRounds "9"]
[EventCountry "SRB"]
[SourceTitle "EXT 2019"]
[Source "ChessBase"]
[SourceDate "2018.10.10"]
[SourceVersion "1"]
[SourceVersionDate "2018.10.10"]
[SourceQuality "1"]

1. d4 Nf6 2. c4 e6 3. a3 d5 4. Nc3 Be7 5. Bf4 c6 6. e3 0-0 7. Nf3 Nbd7 8. cxd5 exd5 9. Bd3 Re8 10. 0-0 Nf8 11. Qc2 h6 12. b4 a6 13. Rfb1 Ne6 14. Bg3 g6 15. Ne5 Ng7 16. a4 Nf5 17. Ne2 Bd6 18. b5 axb5 19. axb5 Rxa1 20. Rxa1 c5 21. Ra8 Qc7 22. Qb2 Nxg3 23. hxg3 c4 24. b6 Qe7 25. Bc2 Rd8 26. f3 Be6 27. Rxd8+ Qxd8 28. Nf4 Bxe5 29. dxe5 Nd7 30. Bxg6 Qxb6 31. Qxb6 Nxb6 32. Bc2 Nd7 33. Nxe6 fxe6 34. f4 b5 35. Kf2 b4 36. Ke2 Nc5 37. Kd2 c3+ 38. Kc1 b3 39. Bg6 Kg7 40. Bb1 c2 41. Bxc2 bxc2 42. Kxc2 h5 43. Kd1 Kg6 44. Kd2 0-1

[Event "Paracin Summer op-B 11th"]
[Site "Paracin"]
[Date "2018.07.10"]
[Round "5"]
[White "Djordjevic, Gradimir"]
[Black "Petrovic, Aleksa"]
[Result "0-1"]
[WhiteElo "2047"]
[BlackElo "1845"]
[PlyCount "132"]
[EventDate "2018.07.06"]
[EventType "swiss"]
[EventRounds "9"]
[EventCountry "SRB"]
[SourceTitle "EXT 2019"]
[Source "ChessBase"]
[SourceDate "2018.10.10"]
[SourceVersion "1"]
[SourceVersionDate "2018.10.10"]
[SourceQuality "1"]

1. d4 Nf6 2. c4 c5 3. Nf3 cxd4 4. Nxd4 a6 5. Nc3 d6 6. e3 e5 7. Nc2 Be7 8. Be2 0-0 9. e4 Nbd7 10. 0-0 b6 11. Ne3 Nc5 12. f3 Kh8 13. Rb1 Rg8 14. Ncd5 Nxd5 15. Nxd5 Be6 16. b4 Nd7 17. Be3 Bf8 18. Qd2 h6 19. g3 g5 20. Kh1 Kh7 21. Rf2 Rc8 22. a3 f6 23. Rbf1 Bh3 24. Rg1 Be6 25. f4 Qe8 26. f5 Bf7 27. Qd1 Qd8 28. Qa4 Bxd5 29. cxd5 a5 30. Bb5 Rg7 31. Bxd7 Qxd7 32. Qxd7 Rxd7 33. Bxb6 axb4 34. axb4 Rc4 35. Rb2 Rxe4 36. Rc1 Rb7 37. Rc6 Re1+ 38. Kg2 Rd1 39. b5 Kg8 40. Bd8 Rxd5 41. b6 Rc5 42. Rxc5 dxc5 43. Kf3 Kf7 44. Bc7 c4 45. Ra2 Bc5 46. Rb2 c3 47. Rb5 Ba3 48. Bd6 Bxd6 49. Rb3 c2 50. Rc3 Rxb6 51. Rxc2 h5 52. Rc8 Rb8 53. Rc6 Ke7 54. Ra6 Rb3+ 55. Ke4 Rb4+ 56. Kd5 Rd4+ 57. Kc6 e4 58. Ra7+ Ke8 59. Ra8+ Kf7 60. Ra2 e3 61. Re2 Rd3 62. Kb5 Bb8 63. Kb4 Bd6+ 64. Kc4 Ra3 65. Kd5 Ke7 66. Ke4 Bc5 0-1

[Event "Paracin Summer op-B 11th"]
[Site "Paracin"]
[Date "2018.07.06"]
[Round "1"]
[White "Djordjevic, Gradimir"]
[Black "Najdanovic, Veljko"]
[Result "1-0"]
[WhiteElo "2047"]
[BlackElo "1679"]
[PlyCount "67"]
[EventDate "2018.07.06"]
[EventType "swiss"]
[EventRounds "9"]
[EventCountry "SRB"]
[SourceTitle "EXT 2019"]
[Source "ChessBase"]
[SourceDate "2018.10.10"]
[SourceVersion "1"]
[SourceVersionDate "2018.10.10"]
[SourceQuality "1"]

1. d4 g6 2. c4 Bg7 3. Nc3 d6 4. e4 Nf6 5. Nf3 Bg4 6. Be2 0-0 7. Be3 Nbd7 8. h3 Bxf3 9. Bxf3 c6 10. Qd2 e5 11. 0-0 Qe7 12. Rfd1 Rad8 13. d5 c5 14. Bg5 a6 15. a3 Qe8 16. Be2 Rc8 17. Be3 Kh8 18. b4 Ng8 19. Rdb1 f5 20. f3 b6 21. bxc5 bxc5 22. Rb7 Rb8 23. Rab1 Qe7 24. Bd1 f4 25. Bf2 g5 26. Ba4 Ngf6 27. Bc6 Rxb7 28. Rxb7 Qd8 29. Na4 Nb8 30. Qb2 Nxc6 31. dxc6 Qa5 32. Nb6 Ne8 33. Kf1 Bf6 34. Be1 1-0

[Event "Paracin Summer op-B 10th"]
[Site "Paracin"]
[Date "2017.07.11"]
[Round "6"]
[White "Djordjevic, Gradimir"]
[Black "Hereklioglu, Sude"]
[Result "1-0"]
[WhiteElo "2073"]
[BlackElo "1721"]
[PlyCount "95"]
[EventDate "2017.07.07"]
[EventType "swiss"]
[EventRounds "9"]
[EventCountry "SRB"]
[SourceTitle "EXT 2020"]
[Source "ChessBase"]
[SourceDate "2019.10.17"]
[SourceVersion "1"]
[SourceVersionDate "2019.10.17"]
[SourceQuality "1"]

1. d4 Nf6 2. g3 g6 3. Bg2 Bg7 4. e4 d6 5. Ne2 0-0 6. 0-0 Nbd7 7. h3 c5 8. c3 e5 9. d5 b5 10. Be3 Nb6 11. Nd2 Qc7 12. g4 c4 13. Ng3 Na4 14. Qc2 Nc5 15. Ne2 Nd3 16. Nc1 Nf4 17. Bxf4 exf4 18. Ne2 Bh6 19. Nf3 g5 20. Ned4 Bd7 21. Rfe1 Rfe8 22. Re2 Nxg4 23. hxg4 Bxg4 24. Nf5 Bxf5 25. exf5 g4 26. Rxe8+ Rxe8 27. Re1 Qd7 28. Rxe8+ Qxe8 29. Nh2 f3 30. Nxg4 Qe1+ 31. Bf1 Bf4 32. Qe4 Qxe4 33. Nf6+ Kg7 34. Nxe4 h5 35. b3 cxb3 36. axb3 a6 37. Bd3 h4 38. b4 Kf8 39. c4 Bc1 40. cxb5 axb5 41. Nxd6 Ba3 42. Bxb5 Bxb4 43. Ne4 Ba5 44. Kh2 Bb6 45. Kh3 f6 46. Kxh4 Bd4 47. Kg4 Ke7 48. d6+ 1-0

[Event "SRB Central-ch op-B 9th"]
[Site "Paracin"]
[Date "2016.07.14"]
[Round "9"]
[White "Pribanovic, Milivoje"]
[Black "Djordjevic, Gradimir"]
[Result "0-1"]
[WhiteElo "1896"]
[BlackElo "2072"]
[PlyCount "51"]
[EventDate "2016.07.07"]
[EventType "swiss"]
[EventRounds "9"]
[EventCountry "SRB"]
[SourceTitle "CBM 173 Extra"]
[Source "ChessBase"]
[SourceDate "2016.08.29"]
[SourceVersion "1"]
[SourceVersionDate "2016.08.29"]
[SourceQuality "1"]

1. e4 e5 2. Nf3 Nc6 3. Bb5 a6 4. Ba4 b5 5. Bb3 Nf6 6. 0-0 Be7 7. c3 0-0 8. Re1 d6 9. h3 Na5 10. Bc2 c5 11. d3 h6 12. Nbd2 Nc6 13. a3 Qc7 14. Nf1 Nh7 15. Ng3 Nd8 16. Be3 Ne6 17. Qd2 Nhg5 18. Nxg5 hxg5 19. b3 g6 20. a4 Bd7 21. axb5 axb5 22. Rac1 Kg7 23. d4 Nf4 24. Ne2 Rh8 25. g3 Nxe2+ 26. Qxe2 0-1

[Event "SRB Central-ch op-B 9th"]
[Site "Paracin"]
[Date "2016.07.08"]
[Round "2"]
[White "Djordjevic, Gradimir"]
[Black "Maksimovic, Masa"]
[Result "0-1"]
[WhiteElo "2072"]
[BlackElo "1854"]
[PlyCount "88"]
[EventDate "2016.07.07"]
[EventType "swiss"]
[EventRounds "9"]
[EventCountry "SRB"]
[SourceTitle "CBM 173 Extra"]
[Source "ChessBase"]
[SourceDate "2016.08.29"]
[SourceVersion "1"]
[SourceVersionDate "2016.08.29"]
[SourceQuality "1"]

1. c4 Nf6 2. Nc3 g6 3. g3 Bg7 4. Bg2 0-0 5. e3 d6 6. Nge2 Nc6 7. d4 e5 8. 0-0 Nd7 9. Rb1 f5 10. b4 Nf6 11. b5 Ne7 12. dxe5 dxe5 13. Ba3 Qxd1 14. Rbxd1 Re8 15. Rd2 Bf8 16. Rfd1 Rb8 17. b6 axb6 18. Nb5 Nc6 19. Bxf8 Rxf8 20. Nxc7 e4 21. Nf4 Ne5 22. Rd4 Bd7 23. Rb1 Rbc8 24. Ncd5 Rxc4 25. Nxb6 Rc2 26. Nxd7 Nfxd7 27. a4 Rfc8 28. Nd5 Kf7 29. Rdd1 Nd3 30. f3 exf3 31. Bxf3 N7c5 32. Nf4 Nb2 33. Bxb7 Rc7 34. Bd5+ Ke8 35. Rdc1 Ncxa4 36. Rxc2 Rxc2 37. Bb3 Rc7 38. Kg2 Rc3 39. Bxa4+ Nxa4 40. Rb8+ Kf7 41. Rb7+ Ke8 42. Rxh7 Rxe3 43. Nxg6 Nc3 44. Nf4 Ne4 0-1

[Event "Paracin-ch"]
[Site "Paracin"]
[Date "2015.01.18"]
[Round "5"]
[White "Djordjevic, Gradimir"]
[Black "Tosic, Srecko"]
[Result "0-1"]
[WhiteElo "2125"]
[BlackElo "2386"]
[PlyCount "67"]
[EventDate "2015.01.15"]
[EventType "swiss"]
[EventRounds "7"]
[EventCountry "SRB"]
[SourceTitle "CBM 164 Extra"]
[Source "ChessBase"]
[SourceDate "2015.03.02"]
[SourceVersion "1"]
[SourceVersionDate "2015.03.02"]
[SourceQuality "1"]

1. c4 e5 2. Nc3 Nc6 3. g3 f5 4. Bg2 Nf6 5. e3 d5 6. cxd5 Nb4 7. d4 e4 8. Bf1 Nbxd5 9. Bc4 c6 10. Nge2 Be6 11. Bxd5 Nxd5 12. Nxd5 Bxd5 13. b3 Bd6 14. Bd2 0-0 15. Qc2 Qe7 16. h4 Rf6 17. Nc3 Bf7 18. Na4 Bh5 19. Nb2 Bf3 20. Rf1 Rg6 21. Qc4+ Kh8 22. Bc3 Rc8 23. a4 Qd7 24. a5 b5 25. axb6 axb6 26. Qa6 b5 27. Ba5 Qe8 28. Bc3 c5 29. Qa5 cxd4 30. Bxd4 Ra8 31. Bc3 Rxa5 32. Rxa5 Qd8 33. Rxb5 Ba3 34. Ba5 0-1

[Event "Paracin-ch"]
[Site "Paracin"]
[Date "2015.01.17"]
[Round "4"]
[White "Glisic, Tomislav"]
[Black "Djordjevic, Gradimir"]
[Result "0-1"]
[WhiteElo "1864"]
[BlackElo "2125"]
[PlyCount "54"]
[EventDate "2015.01.15"]
[EventType "swiss"]
[EventRounds "7"]
[EventCountry "SRB"]
[SourceTitle "CBM 164 Extra"]
[Source "ChessBase"]
[SourceDate "2015.03.02"]
[SourceVersion "1"]
[SourceVersionDate "2015.03.02"]
[SourceQuality "1"]

1. g3 d5 2. Bg2 e5 3. c4 c6 4. e3 Nf6 5. cxd5 cxd5 6. Nc3 Nc6 7. Nge2 Be7 8. Qb3 Na5 9. Qc2 0-0 10. d4 e4 11. a3 Bf5 12. b4 Nc4 13. 0-0 Rc8 14. Qb3 Qd7 15. f3 exf3 16. Bxf3 Bh3 17. Bg2 Bxg2 18. Kxg2 Rfe8 19. Qc2 Ng4 20. Qd3 Bg5 21. Rf3 Bxe3 22. h3 Bxc1 23. Rxc1 Re3 24. Qf5 Qxf5 25. Rxf5 Rxc3 26. hxg4 Rxc1 27. Nxc1 Ne3+ 0-1

[Event "SRB Central-ch op-A 7th"]
[Site "Paracin"]
[Date "2014.07.08"]
[Round "6"]
[White "Djordjevic, Gradimir"]
[Black "Jovanovic, Bojan P"]
[Result "0-1"]
[WhiteElo "2160"]
[BlackElo "2307"]
[PlyCount "104"]
[EventDate "2014.07.04"]
[EventType "swiss"]
[EventRounds "9"]
[EventCountry "SRB"]
[SourceTitle "CBM 161 Extra"]
[Source "ChessBase"]
[SourceDate "2014.08.29"]
[SourceVersion "1"]
[SourceVersionDate "2014.08.29"]
[SourceQuality "1"]

1. c4 b6 2. Nc3 Bb7 3. d4 e6 4. Nf3 Bb4 5. Qc2 f5 6. a3 Bxc3+ 7. Qxc3 Nf6 8. Bg5 0-0 9. g3 d6 10. Bg2 Nbd7 11. 0-0 Qe8 12. Bxf6 Rxf6 13. d5 e5 14. e4 Qh5 15. exf5 Rxf5 16. h3 Rf6 17. Rae1 Raf8 18. Nh2 Bc8 19. b4 Nb8 20. Re4 Qf7 21. Qd2 Bf5 22. Re3 Qd7 23. g4 Bg6 24. Rf3 Rf4 25. Rxf4 Rxf4 26. c5 Rd4 27. Qc1 bxc5 28. bxc5 Na6 29. cxd6 cxd6 30. Qc6 Qxc6 31. dxc6 Kf8 32. Rc1 Nc7 33. Nf3 Ra4 34. Rc3 e4 35. Nd2 d5 36. Rb3 Ke7 37. f3 Rd4 38. Nf1 Kd6 39. fxe4 dxe4 40. Ne3 Kxc6 41. Rc3+ Kd7 42. Kf2 Ne6 43. Nc4 Nf4 44. Ne5+ Kd6 45. Nc4+ Ke6 46. Bf1 Rd1 47. h4 h5 48. Be2 Nxe2 49. Kxe2 Rd3 50. Rc1 hxg4 51. Ne3 Rxa3 52. Rc6+ Kf7 0-1

[Event "SRB Central-ch op-A 7th"]
[Site "Paracin"]
[Date "2014.07.05"]
[Round "2"]
[White "Djordjevic, Gradimir"]
[Black "Sarenac, David"]
[Result "1/2-1/2"]
[WhiteElo "2160"]
[BlackElo "2304"]
[PlyCount "101"]
[EventDate "2014.07.04"]
[EventType "swiss"]
[EventRounds "9"]
[EventCountry "SRB"]
[SourceTitle "CBM 161 Extra"]
[Source "ChessBase"]
[SourceDate "2014.08.29"]
[SourceVersion "1"]
[SourceVersionDate "2014.08.29"]
[SourceQuality "1"]

1. d4 Nf6 2. Nf3 g6 3. c4 Bg7 4. Nc3 d5 5. e3 0-0 6. h3 c5 7. dxc5 Qa5 8. Qa4 Qxc5 9. Qb5 Qxb5 10. cxb5 Nbd7 11. Be2 b6 12. 0-0 Bb7 13. Rb1 Rac8 14. Rd1 e5 15. Ne1 Rfd8 16. Nc2 Nc5 17. Bf3 Ne6 18. Nb4 e4 19. Be2 d4 20. exd4 Nxd4 21. Be3 Nxe2+ 22. Nxe2 Nd5 23. Nxd5 Bxd5 24. b3 Bb7 25. Rxd8+ Rxd8 26. Rc1 Be5 27. g3 Kf8 28. a4 Rd3 29. Bf4 Bb2 30. Rb1 Ba3 31. Be3 Bd5 32. Nf4 Rxb3 33. Rd1 Bc4 34. Rd8+ Kg7 35. Ra8 Rb1+ 36. Kh2 Bb4 37. Rxa7 Ba5 38. Rb7 Bb3 39. h4 h6 40. Bd4+ Kf8 41. Bf6 Ke8 42. Re7+ Kf8 43. Rxe4 Re1 44. Rd4 Re8 45. g4 Bc3 46. Rd6 Ba5 47. Bd4 Rb8 48. Nd5 Bxa4 49. Bxb6 Bxb6 50. Rxb6 Rxb6 51. Nxb6 1/2-1/2

[Event "Paracin-ch"]
[Site "Paracin"]
[Date "2014.01.10"]
[Round "1"]
[White "Jovicic, Damir"]
[Black "Djordjevic, Gradimir"]
[Result "0-1"]
[WhiteElo "1665"]
[BlackElo "2171"]
[PlyCount "36"]
[EventDate "2014.01.10"]
[EventType "swiss"]
[EventRounds "9"]
[EventCountry "SRB"]
[SourceTitle "CBM 158 Extra"]
[Source "ChessBase"]
[SourceDate "2014.02.28"]
[SourceVersion "1"]
[SourceVersionDate "2014.02.28"]
[SourceQuality "1"]

1. e4 d6 2. d4 Nf6 3. Bd3 e5 4. Nf3 c6 5. 0-0 Nbd7 6. c3 Be7 7. h3 0-0 8. Be3 Re8 9. Na3 Qc7 10. Nc2 Nf8 11. Kh2 Ng6 12. g3 Bf8 13. dxe5 dxe5 14. Ng1 Be6 15. Qe2 b5 16. a3 a6 17. c4 Red8 18. a4 Rxd3 0-1

[Event "SRB Central-ch op-A 6th"]
[Site "Paracin"]
[Date "2013.07.09"]
[Round "5"]
[White "Djordjevic, Gradimir"]
[Black "Bejatovic, Bojana"]
[Result "1-0"]
[WhiteElo "2216"]
[BlackElo "2002"]
[PlyCount "147"]
[EventDate "2013.07.05"]
[EventType "swiss"]
[EventRounds "9"]
[EventCountry "SRB"]
[SourceTitle "CBM 155 Extra"]
[Source "ChessBase"]
[SourceDate "2013.08.26"]
[SourceVersion "1"]
[SourceVersionDate "2013.08.26"]
[SourceQuality "1"]

1. d4 f5 2. c4 Nf6 3. Nc3 g6 4. g3 Bg7 5. Bg2 0-0 6. e3 d6 7. Nge2 c6 8. 0-0 e5 9. b4 Be6 10. d5 Bf7 11. a4 Qc7 12. Ba3 Rd8 13. Rc1 a6 14. Qb3 e4 15. Nd4 Nbd7 16. f4 Ng4 17. Nce2 c5 18. Nc2 cxb4 19. Bxb4 Rac8 20. h3 Ngf6 21. Ncd4 Nc5 22. Bxc5 dxc5 23. Nc2 Ne8 24. Rb1 Nd6 25. Na3 Be8 26. Rfc1 Bd7 27. Bf1 Be8 28. Nc3 h6 29. Kf2 Kh7 30. Be2 Qe7 31. h4 h5 32. a5 Qc7 33. Qb6 Bf6 34. Qxc7+ Rxc7 35. Rb6 Kg7 36. Ke1 Kf7 37. Kd2 Ke7 38. Rcb1 Bd7 39. Bd1 Bxc3+ 40. Kxc3 Be8 41. R1b2 Kf7 42. Nb1 Ke7 43. Ra2 Kf7 44. Ba4 Bxa4 45. Rxa4 Ke7 46. Ra2 Kf7 47. Kb3 Ke7 48. Nc3 Rdd7 49. Na4 Rd8 50. Kc3 Rdd7 51. Nb2 Rd8 52. Nd1 Kf7 53. Nf2 Kf6 54. Nh3 Ke7 55. Ng5 Rdd7 56. Rab2 Rc8 57. Ne6 Ke8 58. Rxd6 Rxd6 59. Rxb7 Rxe6 60. dxe6 Rd8 61. Ra7 Rd3+ 62. Kc2 Rxe3 63. Rxa6 Ra3 64. Ra7 e3 65. a6 e2 66. Kd2 Re3 67. Ke1 Rxe6 68. Ra8+ Kd7 69. a7 Ra6 70. Rh8 Ra1+ 71. Kxe2 Ra2+ 72. Kf3 Ra3+ 73. Kg2 Ra2+ 74. Kh3 1-0

[Event "SRB Central-ch op-A 6th"]
[Site "Paracin"]
[Date "2013.07.09"]
[Round "6"]
[White "Radovic, Luka"]
[Black "Djordjevic, Gradimir"]
[Result "1-0"]
[WhiteElo "2065"]
[BlackElo "2216"]
[PlyCount "133"]
[EventDate "2013.07.05"]
[EventType "swiss"]
[EventRounds "9"]
[EventCountry "SRB"]
[SourceTitle "CBM 155 Extra"]
[Source "ChessBase"]
[SourceDate "2013.08.26"]
[SourceVersion "1"]
[SourceVersionDate "2013.08.26"]
[SourceQuality "1"]

1. c4 e5 2. Nc3 Nc6 3. g3 g6 4. Bg2 Bg7 5. d3 d6 6. e3 Nge7 7. Nge2 0-0 8. 0-0 Be6 9. e4 Qd7 10. f4 Bh3 11. Be3 Bxg2 12. Kxg2 f5 13. Qd2 Nd4 14. Rae1 c6 15. Bg1 Rae8 16. Nxd4 exd4 17. Ne2 c5 18. b4 b6 19. Nc1 Qa4 20. Nb3 Nc6 21. b5 Nb4 22. exf5 gxf5 23. Rb1 a6 24. Nxd4 axb5 25. Nxb5 Qa8+ 26. Rf3 Re7 27. Re1 Rd7 28. d4 Qxa2 29. Qxa2 Nxa2 30. d5 Ra8 31. Re6 Bf8 32. Rf6 Rf7 33. Re6 Rd7 34. Rf6 Ra4 35. Rf2 Nc1 36. Rc2 Nd3 37. Bf2 Nb2 38. Rxf8+ Kxf8 39. Rxb2 Rxc4 40. Kf3 Kf7 41. Ke2 Ra4 42. Kd3 Rd8 43. Nc3 Ra6 44. h3 h5 45. Nb5 Ra4 46. Nc3 Ra6 47. Kc4 Ra3 48. Rxb6 Ra1 49. Nb5 Ke7 50. Kd3 Rd1+ 51. Kc4 Rf1 52. Be3 Rf3 53. Bd2 Rxg3 54. Na7 Kf8 55. Rb7 Re8 56. Rh7 Re2 57. Ba5 Rxh3 58. Bc7 Kg8 59. Rh6 Kg7 60. Rxd6 Rc2+ 61. Kb5 h4 62. Rd7+ Kg6 63. Nc8 Rb3+ 64. Kc6 h3 65. Be5 h2 66. Rg7+ Kh6 67. Ne7 1-0

[Event "SRB-chT3 West"]
[Site "Serbia"]
[Date "2010.10.03"]
[Round "4"]
[White "Bzenic, Dejan"]
[Black "Djordjevic, Gradimir"]
[Result "1-0"]
[WhiteElo "2320"]
[BlackElo "2294"]
[PlyCount "127"]
[EventDate "2010.09.12"]
[EventType "team"]
[EventRounds "11"]
[EventCountry "SRB"]
[SourceTitle "EXT 2012"]
[Source "ChessBase"]
[SourceDate "2011.11.24"]
[SourceVersion "1"]
[SourceVersionDate "2011.11.24"]
[SourceQuality "1"]

1. f4 f5 2. g3 Nf6 3. Bg2 g6 4. d3 d5 5. Nf3 Bg7 6. Nc3 c5 7. e3 Nc6 8. 0-0 0-0 9. Qe2 Re8 10. Ne5 e6 11. Nxc6 bxc6 12. e4 Ba6 13. e5 Nd7 14. Na4 c4 15. b3 cxd3 16. cxd3 Bf8 17. Be3 Ba3 18. Qc2 Qe7 19. Rf2 Rec8 20. h3 Bb5 21. Nc3 a5 22. Kh2 Ba6 23. Rg1 Bc5 24. d4 Bb4 25. Rc1 Ba3 26. Rd1 Bb4 27. Rg1 c5 28. Nxd5 exd5 29. Bxd5+ Kh8 30. Bxa8 Rxa8 31. d5 Bb7 32. Rd1 a4 33. Bd2 axb3 34. axb3 Nb6 35. d6 Qd7 36. Bxb4 cxb4 37. Qc5 Qc6 38. Qxc6 Bxc6 39. e6 Kg7 40. Rc2 Bf3 41. Rc7+ Kf6 42. Re1 Be4 43. e7 Ke6 44. Rd1 Nd5 45. Ra7 Rb8 46. Ra6 Kd7 47. Rd4 Nf6 48. Ra7+ Rb7 49. Rxe4 Rxa7 50. e8Q+ Nxe8 51. Re7+ Kxd6 52. Rxa7 Nc7 53. Rb7 Nd5 54. Rxh7 Nf6 55. Rh6 Ne4 56. Rxg6+ Kc5 57. h4 Nd2 58. h5 Nxb3 59. h6 Nd4 60. h7 b3 61. h8Q b2 62. Qxd4+ Kxd4 63. Rb6 Kc3 64. g4 1-0

[Event "SRB-chT2 West"]
[Site "Serbia"]
[Date "2007.09.30"]
[Round "4.6"]
[White "Djordjevic, Gradimir"]
[Black "Radojcic, Slobodan"]
[Result "0-1"]
[WhiteElo "2242"]
[BlackElo "2254"]
[PlyCount "80"]
[EventDate "2007.09.09"]
[EventType "team"]
[EventRounds "11"]
[EventCountry "SRB"]
[SourceTitle "EXT 2012"]
[Source "ChessBase"]
[SourceDate "2011.11.24"]
[SourceVersion "1"]
[SourceVersionDate "2011.11.24"]
[SourceQuality "1"]
[WhiteTeam "Krusevac Veteran"]
[BlackTeam "Uzice Sloboda"]
[WhiteTeamCountry "SRB"]
[BlackTeamCountry "SRB"]

1. c4 e6 2. Nc3 d5 3. d4 c6 4. Nf3 Nd7 5. cxd5 exd5 6. Bf4 Ngf6 7. e3 Qa5 8. Bd3 Nh5 9. Bg5 Nhf6 10. 0-0 Be7 11. Qc2 Qd8 12. a3 a5 13. Rab1 h6 14. Bh4 0-0 15. b4 Re8 16. h3 Nh5 17. Bxe7 Qxe7 18. b5 Qxa3 19. bxc6 bxc6 20. Na4 Qd6 21. Rfc1 Ba6 22. Nb6 Bxd3 23. Qxd3 Nxb6 24. Rxb6 Rec8 25. Ne5 Nf6 26. Rbxc6 Rxc6 27. Rxc6 Qb4 28. Qf5 a4 29. Rc7 Rf8 30. Ra7 a3 31. g4 Qb2 32. Nxf7 a2 33. Nxh6+ Kh8 34. Nf7+ Kg8 35. Nh6+ Kh8 36. Qg5 a1Q+ 37. Rxa1 Qxa1+ 38. Kg2 gxh6 39. Qxh6+ Nh7 40. f4 Qb1 0-1

[Event "SRB-chT2 West"]
[Site "Serbia"]
[Date "2007.09.23"]
[Round "3.4"]
[White "Djordjevic, Gradimir"]
[Black "Jakic, Vidan"]
[Result "1-0"]
[WhiteElo "2242"]
[BlackElo "2109"]
[PlyCount "71"]
[EventDate "2007.09.09"]
[EventType "team"]
[EventRounds "11"]
[EventCountry "SRB"]
[SourceTitle "EXT 2012"]
[Source "ChessBase"]
[SourceDate "2011.11.24"]
[SourceVersion "1"]
[SourceVersionDate "2011.11.24"]
[SourceQuality "1"]
[WhiteTeam "Krusevac Veteran"]
[BlackTeam "Zlatar"]
[WhiteTeamCountry "SRB"]
[BlackTeamCountry "SRB"]

1. c4 Nf6 2. Nc3 g6 3. g3 Bg7 4. Bg2 0-0 5. e3 d6 6. d4 Nc6 7. Nge2 a6 8. 0-0 Rb8 9. d5 Na5 10. Qd3 c5 11. dxc6 Nxc6 12. b3 Bg4 13. f3 Bd7 14. Bb2 b5 15. cxb5 axb5 16. Rab1 Ne5 17. Qd2 Qb6 18. f4 Neg4 19. Nd1 Bf5 20. Bd4 Qa6 21. Rc1 e5 22. Rc6 Qa3 23. Bb2 Qxa2 24. h3 Ne4 25. Qc1 Ngf6 26. fxe5 dxe5 27. Nec3 Nxc3 28. Nxc3 Qa7 29. g4 Be6 30. g5 Nh5 31. Ne4 Nf4 32. Rxf4 exf4 33. Bxg7 Rfc8 34. Bd4 Rxc6 35. Qxc6 Qe7 36. Nf6+ 1-0